Every UEFA European Championship Goalscorer for Germany - Statistics

General Stats
  • This quiz has been taken 97 times
  • The average score is 20 of 44
Answer Stats
Player % Correct
Dieter Müller
95%
Gerd Müller
95%
Miroslav Klose
83%
Jamal Musiala
82%
Florian Wirtz
78%
Kai Havertz
76%
Niclas Füllkrug
72%
Lothar Matthäus
67%
Bastian Schweinsteiger
65%
Philipp Lahm
65%
Michael Ballack
63%
İlkay Gündoğan
61%
Lukas Podolski
61%
Mario Gómez
60%
Jérôme Boateng
58%
Jürgen Klinsmann
58%
Mesut Özil
56%
Marco Reus
55%
Rudi Völler
55%
Sami Khedira
53%
Karl-Heinz Rummenigge
52%
Oliver Bierhoff
48%
Leon Goretzka
44%
Emre Can
42%
Andreas Brehme
40%
Matthias Sammer
36%
Julian Draxler
34%
Robin Gosens
34%
Mehmet Scholl
28%
Torsten Frings
28%
Karl-Heinz Riedle
27%
Stefan Effenberg
27%
Andreas Möller
24%
Horst Hrubesch
22%
Shkodran Mustafi
20%
Lars Bender
19%
Christian Ziege
18%
Klaus Allofs
18%
Thomas Häßler
18%
Bernd Hölzenbein
14%
Stefan Kuntz
14%
Olaf Thon
10%
Heinz Flohe
7%
Herbert Wimmer
7%
No matching quizzes found
Score Distribution
Percent of People with Each Score
Percentile by Number Answered
Your Score History
You have not taken this quiz